Central Library OPAC University of Rajshahi

Plant virology / (Record no. 12623)

MARC details
000 -LEADER
fixed length control field 01176cam a22002892 4500
001 - CONTROL NUMBER
control field 12623
003 - CONTROL NUMBER IDENTIFIER
rucl marc code BD-RjUL
005 - DATE AND TIME OF LATEST TRANSACTION
control field 20211208235328.0
008 - FIXED-LENGTH DATA ELEMENTS--GENERAL INFORMATION
fixed length control field 140129t19671964fluac b 001 0 eng d
035 ## - SYSTEM CONTROL NUMBER
System control number (BD-RjUL)12672
-- OCLC ocm00294028 from D971013M
040 ## - CATALOGING SOURCE
Original cataloging agency DLC
Transcribing agency CCL
Modifying agency OCL
-- EQO
-- BD-RjUL
Language of cataloging eng
041 ## - LANGUAGE CODE
Language code of text/sound track or separate title eng
082 00 - DEWEY DECIMAL CLASSIFICATION NUMBER
Classification number 581.234
Author mark and year PLA 1967
245 10 - TITLE STATEMENT
Title Plant virology /
Statement of responsibility, etc. Edited by M. K. Corbett and H. D. Sisler.
250 ## - EDITION STATEMENT
Edition statement Lithoprint ed.
260 ## - PUBLICATION, DISTRIBUTION, ETC. (IMPRINT)
Place of publication, distribution, etc. Gainesville :
Name of publisher, distributor, etc. University of Florida Press,
Date of publication, distribution, etc. c.1964 [1967]
300 ## - PHYSICAL DESCRIPTION
Pagination xvii, 527 p. :
Illustrations illus., ports.
Size 27 cm.
500 ## - GENERAL NOTE
General note "Compiled from a series of lectures and laboratory exercises presented during a Southern regional graduate summer session in plant virology ... at the University of Maryland, June 24 to August 2, 1963."
General note " A university of Florida Press Book"
504 ## - BIBLIOGRAPHY, ETC. NOTE
Bibliography, etc Includes bibliographies and index.
650 #0 - SUBJECT ADDED ENTRY--TOPICAL TERM
Topical term or geographic name as entry element Virus diseases of plants.
9 (RLIN) 37751
Topical term or geographic name as entry element Virology.
9 (RLIN) 39319
700 1# - ADDED ENTRY--PERSONAL NAME
Personal name Corbett, M. K.,
Fuller form of name (Merwin Kenneth), ed.
Dates associated with a name 1927-
Personal name Sisler, Hugh D.,
Fuller form of name (Hugh Delane), jt. ed.
Dates associated with a name 1922-
942 ## - ADDED ENTRY ELEMENTS (KOHA)
Source of classification or shelving scheme Dewey Decimal Classification
Koha item type Books
Holdings
Lost status Source of classification or shelving scheme Damaged status Not for loan Collection code Permanent Location Current Location Shelving location Date acquired Source of acquisition Cost, normal purchase price Total Checkouts Full call number Date last seen Copy number Koha item type
  Dewey Decimal Classification   Not For Loan Non-fiction Central Library, University of Rajshahi Central Library, University of Rajshahi Reading Room 09/03/1970 Zeithlinger. 120.00   581.234 PLA 1967 29/01/2014 C-1 Books
  Dewey Decimal Classification     Non-fiction Central Library, University of Rajshahi Central Library, University of Rajshahi   09/03/1970 Zeithlinger. 120.00   581.234 PLA 1967 29/01/2014 C-3 Books
  Dewey Decimal Classification     Non-fiction Central Library, University of Rajshahi Central Library, University of Rajshahi   09/03/1970 Zeitlinger 120.00   581.234 PLA 1967 06/02/2014 C-2 Books